Meek Mill Charting Songs (Billboard Hot 100) - Statistics

General Stats
  • This quiz has been taken 74 times
    6 since last reset
  • The average score is 21 of 66
Answer Stats
Album Weeks On Peak Artist(s) Song % Correct
Championships 37 Weeks #6 Meek Mill ft. Drake Going Bad
100%
Dreams Worth More Than Money 20 Weeks #21 Meek Mill ft. Chris Brown & Nicki Minaj All Eyes On You
83%
Championships 19 Weeks #54 Meek Mill ft. Ella Mai 24/7
67%
Championships 1 Week #55 Meek Mill Intro
67%
DC4 4 Weeks #49 Meek Mill ft. Tory Lanez Litty
67%
Dreams Worth More Than Money 13 Weeks #40 Meek Mill ft. Drake R.I.C.O.
67%
Wins & Losses 1 Week #83 Meek Mill 1942 Flows
50%
Ambition 1 Week #81 Wale ft. Meek Mill & Rick Ross Ambition
50%
Dreams and Nightmares 18 Weeks #57 Meek Mill ft. Drake Amen
50%
Championships 1 Week #70 Meek Mill Championships
50%
Championships 20 Weeks #31 Meek Mill ft. Jeremih & PnB Rock Dangerous
50%
Expensive Pain 1 Week #66 Meek Mill Expensive Pain
50%
DC4 1 Week #68 Meek Mill ft. Lil Uzi Vert & Nicki Minaj Froze
50%
Wins & Losses 1 Week #97 Meek Mill ft. Lil Uzi Vert Fuck That Check Up
50%
Non-Album Single 2 Weeks #51 Meek Mill ft. T.I, Birdman, Lil Wayne, DJ Khaled, Rick Ross & Swizz Beatz Ima Boss
50%
Expensive Pain 1 Week #89 Meek Mill ft. A$AP Ferg Me (FWM)
50%
Legends of the Summer EP 1 Week #73 Meek Mill ft. Swizz Beatz Millidelphia
50%
Non-Album Single 2 Weeks #64 Meek Mill Otherside of America
50%
Non-Album Single 1 Week #83 Rick Ross & Meek Mill Shaq & Kobe
50%
Expensive Pain 15 Weeks #22 Meek Mill ft. Lil Durk & Lil Baby Sharing Locations
50%
Championships 1 Week #77 Meek Mill ft. Future, Roddy Ricch & Young Thug Splash Warning
50%
Bad Habits 10 Weeks #87 NAV ft. Meek Mill Tap
50%
Championships 3 Weeks #39 Meek Mill ft. Fabolous & Anuel AA Uptown Vibes
50%
Wins & Losses 13 Weeks #51 Meek Mill ft. Chris Brown & Ty Dolla $ign Whatever You Need
50%
Championships 2 Weeks #20 Meek Mill ft. Rick Ross & Jay-Z What's Free
50%
Wins & Losses 1 Week #79 Meek Mill Wins & Losses
50%
Dreams and Nightmares 10 Weeks #86 Meek Mill ft. Kirko Bangz Young & Gettin It
50%
Almost Home 1 Week #90 Kid Ink ft. Meek Mill & Wale Bad Ass
33%
Dreams Worth More Than Money 2 Weeks #78 Meek Mill ft. Nicki Minaj Bad For You
33%
Self Made Vol. 2 13 Weeks #64 Wale ft. Rick Ross, Meek Mill & T-Pain Bag of Money
33%
Non-Album Single 1 Week #90 Meek Mill ft. Justin Timberlake Believe
33%
Expensive Pain 1 Week #36 Meek Mill Intro (Hate On Me)
33%
Dreams Worth More Than Money 2 Weeks #91 Meek Mill ft. Future Jump Out The Face
33%
Championships 1 Week #85 Meek Mill Oodles O' Noodles Babies
33%
Expensive Pain 1 Week #76 Meek Mill Outside (100 MPH)
33%
Please Excuse Me for Being Antisocial 4 Weeks #72 Roddy Ricch ft. Meek Mill Peta
33%
Some Days I'm Good, Some Days I'm Not 1 Week #87 Fridayy & Meek Mill Proud of Me
33%
DC4 1 Week #84 Meek Mill ft. Quavo & Desiigner The Difference
33%
Father of Asahd 1 Week #91 DJ Khaled ft. Meek Mill & Lil Baby Weather the Storm
33%
Wins & Losses 1 Week #96 Meek Mill ft. Young Thug We Ball
33%
Father of Asahd 4 Weeks #44 DJ Khaled ft. Meek Mill, J. Balvin, Lil Baby & Jeremih You Stay
33%
DC4 1 Week #93 Meek Mill Blue Notes
17%
Expensive Pain 1 Week #60 Meek Mill ft. Moneybagg Yo Hot
17%
Wins & Losses 1 Week #77 Meek Mill Issues
17%
Non-Album Single 2 Weeks #73 Meek Mill ft. Roddy Ricch Letter to Nipsey
17%
DC4 1 Week #70 Meek Mill ft. Young Thug & 21 Savage Offended
17%
Championships 2 Weeks #30 Meek Mill ft. Cardi B On Me
17%
Championships 1 Week #57 Meek Mill Respect The Game
17%
Championships 1 Week #72 Meek Mill ft. Kodak Black Tic Tac Toe
17%
Championships 1 Week #61 Meek Mill Trauma
17%
Championships 1 Week #73 Meek Mill Almost Slipped
0%
DC4 1 Week #97 Meek Mill Blessed Up
0%
Expensive Pain 2 Weeks #72 Meek Mill ft. Lil Uzi Vert Blue Notes 2
0%
Wins & Losses 1 Week #99 Meek Mill Heavy Heart
0%
Dreams Worth More Than Money 2 Weeks #88 Meek Mill Lord Knows
0%
Expensive Pain 1 Week #90 Meek Mill Love Train
0%
Non-Album Single 1 Week #96 Meek Mill Monster
0%
Quality Street Music 7 Weeks #89 DJ Drama ft. 2 Chainz, Meek Mill & Jeremih My Moment
0%
Expensive Pain 1 Week #69 Meek Mill On My Soul
0%
DC4 1 Week #75 Meek Mill On The Regular
0%
Hollywood's Bleeding 4 Weeks #22 Post Malone ft. Meek Mill & Lil Baby On The Road
0%
QUARANTINE PACK 1 Week #86 Meek Mill ft. Lil Durk Pain Away
0%
Championships 1 Week #78 Meek Mill ft. 21 Savage Pay You Back
0%
Expensive Pain 1 Week #95 Meek Mill ft. Kehlani Ride for You
0%
The Voice of the Heroes 3 Weeks #43 Lil Baby, Lil Durk & Meek Mill Still Runnin
0%
Street Gossip 1 Week #62 Lil Baby ft. Meek Mill Time
0%
No matching quizzes found
Score Distribution
Percent of People with Each Score
Percentile by Number Answered
Your Score History
You have not taken this quiz since the last reset